MARC details
| 000 -LEADER |
| fixed length control field |
01362cam a2200349 i 4500 |
| 003 - CONTROL NUMBER IDENTIFIER |
| control field |
EG-GICUC |
| 005 - DATE AND TIME OF LATEST TRANSACTION |
| control field |
20260331100253.0 |
| 008 - FIXED-LENGTH DATA ELEMENTS--GENERAL INFORMATION |
| fixed length control field |
051121s2005 ne frb 000 0 eng d |
| 020 ## - INTERNATIONAL STANDARD BOOK NUMBER |
| International Standard Book Number |
9041123113 |
| Qualifying information |
acid-free paper |
| 020 ## - INTERNATIONAL STANDARD BOOK NUMBER |
| International Standard Book Number |
9789041123114 |
| Qualifying information |
(acid-free paper) |
| 040 ## - CATALOGING SOURCE |
| Original cataloging agency |
UkOxU |
| Transcribing agency |
UkOxU |
| Modifying agency |
BAKER |
| -- |
GyWOH |
| -- |
DGU-L |
| -- |
IaU-L |
| -- |
DLC |
| -- |
EG-GICUC |
| Language of cataloging |
eng |
| Description conventions |
rda |
| 050 00 - LIBRARY OF CONGRESS CALL NUMBER |
| Classification number |
K3830 |
| Item number |
.B57 2005 |
| 082 04 - DEWEY DECIMAL CLASSIFICATION NUMBER |
| Edition number |
21 |
| 092 04 - LOCALLY ASSIGNED DEWEY CALL NUMBER (OCLC) |
| Edition number |
21 |
| 099 ## - LOCAL FREE-TEXT CALL NUMBER (OCLC) |
| Classification number |
Law 12 2005 |
| 100 1# - MAIN ENTRY--PERSONAL NAME |
| Personal name |
Bishop, R. Doak. |
| 245 10 - TITLE STATEMENT |
| Title |
Foreign investment disputes : |
| Remainder of title |
cases, materials, and commentary / |
| Statement of responsibility, etc. |
R. Doak Bishop, James Crawford, W. Michael Reisman. |
| 264 ## - PRODUCTION, PUBLICATION, DISTRIBUTION, MANUFACTURE, AND COPYRIGHT NOTICE |
| Place of production, publication, distribution, manufacture |
The Hague : |
| Name of producer, publisher, distributor, manufacturer |
Kluwer Law International ; |
| Place of production, publication, distribution, manufacture |
Frederick, MD : |
| Name of producer, publisher, distributor, manufacturer |
Sold and distributed in North, Central, and South America by Aspen Publishers, |
| Date of production, publication, distribution, manufacture, or copyright notice |
2005. |
| 300 ## - PHYSICAL DESCRIPTION |
| Extent |
lv, 1653 pages : |
| Dimensions |
25 cm. |
| 336 ## - CONTENT TYPE |
| Content type term |
text |
| Source |
rdacontent |
| 337 ## - MEDIA TYPE |
| Media type term |
Computer |
| Source |
rdamedia |
| 338 ## - CARRIER TYPE |
| Carrier type term |
Online Resource |
| Source |
rdacarrier |
| 504 ## - BIBLIOGRAPHY, ETC. NOTE |
| Bibliography, etc. note |
Includes bibliographical references. |
| 650 #0 - SUBJECT ADDED ENTRY--TOPICAL TERM |
| Topical term or geographic name entry element |
Investments, Foreign (International law) |
| 650 #0 - SUBJECT ADDED ENTRY--TOPICAL TERM |
| Topical term or geographic name entry element |
Investments, Foreign |
| General subdivision |
Law and legislation. |
| 650 #0 - SUBJECT ADDED ENTRY--TOPICAL TERM |
| Topical term or geographic name entry element |
International commercial arbitration. |
| 700 1# - ADDED ENTRY--PERSONAL NAME |
| Personal name |
Crawford, James, |
| Dates associated with a name |
1948- |
| 700 1# - ADDED ENTRY--PERSONAL NAME |
| Personal name |
Reisman, W. Michael |
| Fuller form of name |
(William Michael), |
| Dates associated with a name |
1939- |
| 856 40 - ELECTRONIC LOCATION AND ACCESS |
| Uniform Resource Identifier |
<a href="https://fll.law.cu.edu.eg/fulltext/bks/ENGB12-00111.pdf">https://fll.law.cu.edu.eg/fulltext/bks/ENGB12-00111.pdf</a> |
| 905 ## - Cataloger and Reviser Names |
| Cataloger Name: |
Hend El khosy |
| 942 ## - ADDED ENTRY ELEMENTS (KOHA) |
| Source of classification or shelving scheme |
Dewey Decimal Classification |
| Koha item type |
Books |
| Edition |
21 |
| Suppress in OPAC |
No |